00652nam a2200205Ia 4500952013300000999001700133003000400150005001700154008004100171020001500212040000900227082001800236100002200254245003800276250001200314260005700326300000900383650001200392942004200404 00102ddc40708PHYSICSaMESbMEScPHYd2019-02-20g295.00l0o530.41 PIL/Sp24317r2019-02-20 00:00:00w2019-02-20yBKzGL12R1 c33411d33411OSt20200824101429.0190216s9999||||xx |||||||||||||| ||und|| a8122411908 coclc a530.41bPIL/S aPillai, S O94294 0aSolid State Physics /cS O Pillai a3rd Ed. bNew Age International Publishers,c1999.aNew Delhi: a676p aPhysics cBK2ddch530.41iPIL/Sk530.41mPIL/S